| 000 -LEADER |
| fixed length control field |
00958nam a2200205Ia 4500 |
| 003 - CONTROL NUMBER IDENTIFIER |
| control field |
OSt |
| 005 - DATE AND TIME OF LATEST TRANSACTION |
| control field |
20241005110122.0 |
| 007 - PHYSICAL DESCRIPTION FIXED FIELD--GENERAL INFORMATION |
| fixed length control field |
ca aa aaaaa |
| 008 - FIXED-LENGTH DATA ELEMENTS--GENERAL INFORMATION |
| fixed length control field |
201103s9999 xx 000 0 und d |
| 040 ## - CATALOGING SOURCE |
| Transcribing agency |
SSBUL |
| 041 ## - LANGUAGE CODE |
| Language code of text/sound track or separate title |
bur |
| 082 ## - DEWEY DECIMAL CLASSIFICATION NUMBER |
| Edition number |
23 |
| Classification number |
၂၉၄.၃၀၉၂ ဣန် |
| Item number |
၉၁၃၂ S-SAT |
| 100 0# - MAIN ENTRY--PERSONAL NAME |
| Personal name |
ဣန္ဒာသဘ၊ အရှင် |
| 9 (RLIN) |
17251 |
| 245 10 - TITLE STATEMENT |
| Title |
ဘဒ္ဒန္တမာဃိန္ဒ အသျှင်သူမြတ်ထေရုပ္ပတ္တိ / |
| Statement of responsibility, etc. |
အရှင်ဣန္ဒာသဘ။ |
| 260 ## - PUBLICATION, DISTRIBUTION, ETC. |
| Place of publication, distribution, etc. |
ရန်ကုန် ၊ |
| Name of publisher, distributor, etc. |
အာရုံသစ်ပုံနှိပ်တိုက်၊ |
| Date of publication, distribution, etc. |
၁၉၇၈။ |
| 300 ## - PHYSICAL DESCRIPTION |
| Extent |
ဋ္ဌ၊ ၁၆၀ စာမျက်နှာ ၊ |
| Dimensions |
၁၈ စင်တီ။ |
| 500 ## - GENERAL NOTE |
| General note |
S-SAT: Dr. Sai Aung Tun |
| 650 ## - SUBJECT ADDED ENTRY--TOPICAL TERM |
| Topical term or geographic name entry element |
ဘဒ္ဒန္တမာဃိန္ဒ အသျှင်သူမြတ် |
| General subdivision |
ထေရုပ္ပတ္တိ |
| 9 (RLIN) |
54904 |
| 942 ## - ADDED ENTRY ELEMENTS (KOHA) |
| Source of classification or shelving scheme |
|
| Koha item type |
Book (Short term) |